[Event "Magistral Barcelona"]
[Site "?"]
[Date "2010.11.10"]
[Round "?"]
[White "Bruzon Batista, Lazaro"]
[Black "Hess, Ro"]
[WhiteElo "2668"]
[BlackElo "2602"]
[Result "1-0"]

1. d4 Nf6 2. c4 e6 3. Nc3 Bb4 4. e3 c5 5. Ne2 cxd4 6. exd4 O-O 7. a3 Be7 8. Nf4 d5 9. cxd5 Nxd5 10. Ncxd5 exd5 11. Bd3 Bf6 12. O-O Nc6 13. Be3 g6 14. Bc2 Qd6 15. g3 Bg7 16. Rc1 Ne7 17. Re1 h5 18. Bb3 Bg4 19. f3 Bd7 20. Nxh5 gxh5 21. Bf4 Qb6 22. Rxe7 Be6 23. Rc5 Bf6 24. Rec7 Bh3 25. Qd3 Qa6 26. Qxa6 bxa6 27. Rxd5 Rab8 28. Bc2 Rfc8 29. Rxc8+ Rxc8 30. Bd3 Rc6 31. Be3 h4 32. g4 Rb6 33. b4 Rc6 34. Rc5 Rd6 35. Rc4 Bd8 36. Kf2 Bb6 37. a4 a5 38. b5 Rd8 39. Be4 Re8 40. d5 

1-0

[Event "5th Douglas Martinez"]
[Site "?"]
[Date "2012.10.26"]
[Round "?"]
[White "Fargere, Francois"]
[Black "Bruzon Batista, Lazaro"]
[WhiteElo "2456"]
[BlackElo "2717"]
[Result "0-1"]

1. e4 e6 2. d4 d5 3. Nd2 h6 4. Bd3 c5 5. dxc5 Bxc5 6. Ngf3 Nc6 7. O-O Nge7 8. Qe2 O-O 9. Nb3 Bb6 10. c3 dxe4 11. Bxe4 e5 12. Be3 Qc7 13. Rfe1 Be6 14. Nc5 Bf5 15. Rad1 Rad8 16. h3 Bc8 17. Nb3 Bxe3 18. Qxe3 Rxd1 19. Rxd1 f5 20. Bxc6 Nxc6 21. Qc5 Re8 22. Qd6 Qf7 23. Re1 Re6 24. Qd5 Re7 25. Qd6 e4 26. Nfd4 Ne5 27. Re2 a6 28. Nd2 Nd3 29. Nc4 Rd7 30. Qe6 Qxe6 31. Nxe6 b5 32. Ne3 Kf7 33. Nd4 f4 34. Nef5 Bb7 35. g3 Kf6 36. Rd2 Rd5 37. Nh4 g5 38. Ng2 Bc8 39. Kh2 b4 40. Nb3 bxc3 41. bxc3 Be6 42. Nd4 Rc5 43. Rc2 Bd5 44. h4 e3 45. hxg5+ hxg5 46. fxe3 f3 47. e4 Bxe4 48. Ne3 Ne5 49. Rc1 g4 50. Nb3 Rc7 51. Nd2 Rh7+ 52. Kg1 f2+ 

0-1

[Event "15th Sants Open"]
[Site "?"]
[Date "2013.08.29"]
[Round "?"]
[White "Esen, Baris"]
[Black "Bruzon Batista, Lazaro"]
[WhiteElo "2559"]
[BlackElo "2698"]
[Result "0-1"]

1. d4 e6 2. c4 Bb4+ 3. Bd2 a5 4. Nf3 d6 5. g3 Nc6 6. d5 Ne5 7. Nxe5 dxe5 8. Bg2 exd5 9. cxd5 Ne7 10. Nc3 O-O 11. a3 Bd6 12. Rc1 b6 13. e4 Ba6 14. Bf1 Bxf1 15. Kxf1 f5 16. Kg2 Bc5 17. Bg5 fxe4 18. Nxe4 Bd4 19. Bxe7 Qxe7 20. Qb3 Qf7 21. a4 b5 22. Qd3 bxa4 23. Rc4 Qxd5 24. Rf1 Rab8 25. Rxc7 Rxb2 26. Qc4 Qxc4 27. Rxc4 a3 28. Ra4 Re2 

0-1

[Event "Magistral Barcelona"]
[Site "?"]
[Date "2010.11.05"]
[Round "?"]
[White "Inarkiev, Ernesto"]
[Black "Bruzon Batista, Lazaro"]
[WhiteElo "2667"]
[BlackElo "2668"]
[Result "0-1"]

1. e4 e5 2. Nf3 Nc6 3. Bb5 a6 4. Ba4 Nf6 5. O-O Nxe4 6. d4 b5 7. Bb3 d5 8. dxe5 Be6 9. Nbd2 Bc5 10. Nxe4 dxe4 11. Bxe6 Qxd1 12. Rxd1 fxe6 13. Ng5 O-O 14. Nxe4 Bb6 15. Kf1 Rf5 16. c3 Rxe5 17. Re1 Rf8 18. f3 h6 19. b3 Rf7 20. Rb1 Ne7 21. Rb2 Rh5 22. h3 Re5 23. Rbe2 Nf5 24. Bf4 Rd5 25. Bg3 Nxg3+ 26. Nxg3 Rg5 27. Ne4 Rxf3+ 28. Nf2 Rxc3 29. g4 Bxf2 30. Rxf2 Rxh3 31. Rxe6 Rxg4 32. Rxa6 Rc3 33. Rf5 b4 34. Raa5 Rh4 35. Kg2 Rd4 36. Rf3 Rdd3 37. Rxd3 Rxd3 38. Rb5 Rd2+ 39. Kf3 Rxa2 40. Rxb4 Rc2 41. Ke4 Kf7 42. Kd5 g5 43. Rd4 Kg6 44. Ke5 h5 45. b4 Re2+ 46. Kd5 h4 

0-1

[Event "Magistral Barcelona"]
[Site "?"]
[Date "2010.11.04"]
[Round "?"]
[White "Salgado Lopez, Ivan"]
[Black "Bruzon Batista, Lazaro"]
[WhiteElo "2602"]
[BlackElo "2668"]
[Result "0-1"]

1. d4 Nf6 2. c4 e6 3. g3 Bb4+ 4. Bd2 Bxd2+ 5. Nxd2 O-O 6. Bg2 d6 7. e3 e5 8. Ne2 c6 9. O-O Re8 10. Nc3 exd4 11. exd4 Na6 12. Nde4 Nxe4 13. Nxe4 Bf5 14. Re1 Nc7 15. Qb3 Rb8 16. Qa3 Bxe4 17. Rxe4 Rxe4 18. Bxe4 a6 19. Re1 g6 20. Bg2 d5 21. cxd5 Nxd5 22. Qc5 Rc8 23. Rc1 Ne7 24. h4 h5 25. Kh2 a5 26. a3 Rb8 27. Kg1 Rc8 28. Re1 Nd5 29. Rc1 Ne7 30. Rc2 Nf5 31. Rd2 Ne7 32. Kh2 Nd5 33. Rc2 Ne7 34. Rc1 Rb8 35. Re1 Nf5 36. Qe5 Qd6 37. Qxd6 Nxd6 38. Re7 Kf8 39. Rd7 Ke8 40. Bxc6 bxc6 41. Rxd6 Rxb2 42. Kg2 Rc2 43. Rf6 Ke7 44. Rf3 Rc4 45. d5 cxd5 46. Rb3 Ra4 47. Kf3 Kd6 48. Ke2 f6 49. Rb6+ Ke5 50. Rb3 g5 51. hxg5 fxg5 52. Rb6 Rxa3 53. Rh6 Ra2+ 54. Kf3 g4+ 55. Kg2 a4 56. Rxh5+ Kd4 57. Rg5 a3 58. Rxg4+ Kc3 59. Ra4 d4 60. Ra8 d3 61. Kf3 Kc2 62. Rc8+ Kd1 63. g4 Rc2 64. Ra8 Rc3 

0-1